case study of effectiveness of natural resource management and protection in kirirom national park (preah suramarit. kossomak( (ការសិក្សាអំអីប្រសិទ្ធិភាពនៃការគ្រប់គ្រងតំបន់ការពារធម្មជាតិក្នុងករណីឧទ្យានជាតិ (ព្រះសុរាម្រិត​កុសមៈ)) (Record no. 3103)

000 -LEADER
fixed length control field 00699nam a22001337a 4500
040 ## - CATALOGING SOURCE
Transcribing agency RUA
082 ## - DEWEY DECIMAL CLASSIFICATION NUMBER
Classification number FOR KEO 1997 B124 Or.1
100 ## - MAIN ENTRY--AUTHOR NAME
Personal name KEO, SOPHEAK.
245 ## - TITLE STATEMENT
Title case study of effectiveness of natural resource management and protection in kirirom national park (preah suramarit. kossomak( (ការសិក្សាអំអីប្រសិទ្ធិភាពនៃការគ្រប់គ្រងតំបន់ការពារធម្មជាតិក្នុងករណីឧទ្យានជាតិ (ព្រះសុរាម្រិត​កុសមៈ))
260 ## - PUBLICATION, DISTRIBUTION, ETC. (IMPRINT)
Place of publication Phnom Penh
Name of publisher RUA
Year of publication 1997
300 ## - PHYSICAL DESCRIPTION
Number of Pages 81p.
Other physical details ill.
Dimensions 29cm.
856 ## - ELECTRONIC LOCATION AND ACCESS
Uniform Resource Identifier KEO SOPHEAK
942 ## - ADDED ENTRY ELEMENTS (KOHA)
Koha item type FOR
952 ## - LOCATION AND ITEM INFORMATION (KOHA)
Withdrawn status [LOCAL, KOHA] 0
952 ## - LOCATION AND ITEM INFORMATION (KOHA)
Withdrawn status [LOCAL, KOHA] 0
952 ## - LOCATION AND ITEM INFORMATION (KOHA)
Withdrawn status [LOCAL, KOHA] 0
952 ## - LOCATION AND ITEM INFORMATION (KOHA)
Withdrawn status [LOCAL, KOHA] 0
952 ## - LOCATION AND ITEM INFORMATION (KOHA)
Withdrawn status [LOCAL, KOHA] 0
Holdings
Permanent Location Date acquired Koha item type Lost status Shelving location Barcode Current Location Full call number
Library Block B2015-11-04FOR B124RUA010561Library Block BFOR KEO 1997 B124 Or.1
Library Block B2015-11-04FOR B124RUA027285Library Block BFOR KEO 1997 B124 Or.2
Library Block B2015-11-04FOR B124RUA027279Library Block BFOR KEO 1997 B124 Or.3
Library Block B2015-11-04FOR B124RUA010647Library Block BFOR KEO 1997 B124 Or.4
Library Block B2015-11-04FOR B124RUA026438Library Block BFOR KEO 1997 B124 Or.5
មជ្ឈមណ្ឌលឯការនៃសាកលវិទ្យាល័យភូមិន្ទកសិកម្មចំការដូង

Powered by Koha